[Event "RUS-chT 12th"]
[Site "Sochi"]
[Date "2005.04.21"]
[Round "3"]
[White "Zvjaginsev, Vadim"]
[Black "Bareev, Evgeny"]
[Result "1-0"]
[WhiteElo "2649"]
[BlackElo "2709"]
[Annotator "Marin,Mihail"]
[PlyCount "55"]
[EventDate "2005.04.19"]
[EventType "team-tourn"]
[EventRounds "11"]
[EventCountry "RUS"]
[SourceTitle "EXT 2020"]
[Source "ChessBase"]
[SourceDate "2019.10.17"]
[SourceVersion "1"]
[SourceVersionDate "2019.10.17"]
[SourceQuality "1"]
[WhiteTeam "Moscow Youth of"]
[BlackTeam "Samara Termosteps"]
[WhiteTeamCountry "RUS"]
[BlackTeamCountry "RUS"]

1. Nf3 d5 2. c4 d4 3. g3 c5 4. e3 Nc6 5. exd4 cxd4 6. Bg2 e5 7. O-O Nf6 8. d3 {One certainly needs lots of courage to play such an unbalanced opening like the Benoni with a whole tempo down. Generally speaking this should be possible, but the difficult thing is to choose a variation where time has less significance and Black can hope to impose his advantage of space in the long run.} Bd6 $6 {Developing the bishop on d3 while allowing the pin of the king's knight is considered to be at least harmless in the normal Benoni. With reversed colours and the missing tempo, the move certainly looks risky.} ({The soundest move seems to be} 8... Be7 {Curiously,} 9. b4 $6 {occured in a game at a relatively high level} (9. Re1 $1) 9... Bxb4 10. Nxe5 Nxe5 11. Qa4+ {and now} Nfd7 $1 ({instead of} 11... Nc6 $2 12. Bxc6+ bxc6 13. Qxb4 Qb6 14. Ba3 Qxb4 15. Bxb4 $14 {1-0 Norwood,D (2405)-Ivanchuk,V (2480)/Baguio City 1987/EXT 97 (48)}) 12. Qxb4 Nxd3 {would lead to a theoretical position with reversed colours, where the absence of the move ...h6 can hardly change the evaluation: White has to fight for a draw.}) 9. Bg5 {This seems to be the best moment for developing the bishop here.} ({Previously} 9. a3 {has been played, which justifies itself entirely after the mechanical} a5 $6 (9... h6 $5 10. b4 O-O {would lead to a position where the difference of one tempo might not be too relevant.}) 10. Bg5 h6 11. Bxf6 Qxf6 12. Nbd2 O-O (12... Qe7 13. Re1 O-O 14. Qc2 Be6 15. Rac1 Bc7 16. c5 $14 {½-½ Andersson,U (2565)-Mecking,H (2610)/Las Palmas 1975/MCD}) 13. Re1 Bg4 (13... Qd8 14. c5 Bc7 15. Nc4 Re8 16. b4 $6 (16. Rb1) (16. Nfd2 {[%cal Rd2e4,Re4d6]} f5 17. b4 axb4 18. Qb3 $36) 16... axb4 17. axb4 Rxa1 18. Qxa1 Nxb4 19. Qb1 Nc6 $15 {0-1 Adamski,J (2375)-Chuchelov,V (2490)/Wuerzburg 1992/EXT 97 (42)}) 14. Qc2 Bc5 15. Ne4 Qe7 16. Nfd2 f5 17. Nxc5 Qxc5 18. Qb3 Qe7 19. Qb5 e4 20. f3 $1 $16 {1-0 Vladimirov,E-Sjoberg,M/Graz 1981/EXT 99 (29)}) 9... h6 10. Bxf6 Qxf6 11. Nbd2 $146 ({RR} 11. a3 a5 12. Nbd2 Bc7 13. Qc2 O-O 14. Rab1 Qe7 15. Rfe1 Bf5 16. c5 Rab8 17. b4 axb4 18. axb4 Qd7 19. b5 Ne7 20. b6 Bd8 21. Nxe5 Qc8 22. Qc4 Nc6 23. Nxf7 Kh7 24. Nd6 Qd7 25. Nxf5 {1-0 (25) Cu,I (1909)-Greenwood,M (1408) Penang MAS 2023}) ({RR} 11. a3 a5 12. Nbd2 Bc7 13. Qc2 O-O 14. Rab1 Qe7 15. Rfe1 Bf5 16. c5 Rab8 17. b4 axb4 18. axb4 Qd7 19. b5 Ne7 20. b6 Bd8 21. Nxe5 Qc8 22. Qc4 Nc6 23. Nxf7 Kh7 24. Nd6 Qd7 25. Nxf5 {1-0 (25) Cu,I (1909)-Greenwood,M (1408) Penang MAS 2023}) 11... Qe7 12. a3 Bf5 $5 13. Qe2 O-O {Black decides to refrain from weakening his queen side with ...a5. However, once White has managed to get rid of one of his minor pieces, his spatial advantage on the queen side will soon tell.} 14. b4 Rfe8 15. Nh4 Be6 16. Ne4 {White has strong pressure on both wings. Black's careless answer will soon lead him to trouble.} g5 $2 {Bareev might have overlooked one of the next two moves.} 17. Qh5 $1 $40 {A typical move. In the systems based on ...h6 (h3) the h5 (h4) square is a perfect placement for the queen.} Kg7 (17... gxh4 18. Qxh6 $40 {f6+}) 18. f4 $3 exf4 (18... gxh4 $6 19. f5 $16) 19. gxf4 Bxf4 20. Rxf4 $1 gxf4 21. b5 Nd8 22. Rf1 $16 {White attacks with his whole army. Black's desorganized forces can hardly put up any resistance.} Qc7 23. c5 Rg8 24. Nd6 Kf8 25. Kh1 Ke7 26. Qe5 Rg5 27. Nhf5+ Kd7 28. Bxb7 1-0

[Event "RUS-chT Clubs"]
[Site "Sochi"]
[Date "2005.04.23"]
[Round "5"]
[White "Miroshnichenko, Evgenij"]
[Black "Makarov, Marat"]
[Result "1-0"]
[WhiteElo "2628"]
[BlackElo "2515"]
[PlyCount "139"]
[EventDate "2005.04.19"]
[EventType "team"]
[EventRounds "9"]
[EventCountry "RUS"]
[SourceTitle "EXT 2006"]
[Source "ChessBase"]
[SourceDate "2005.11.24"]
[SourceVersion "1"]
[SourceVersionDate "2005.11.24"]
[SourceQuality "1"]

1. Nf3 d5 2. c4 dxc4 3. Na3 a6 4. Nxc4 b5 5. Ne3 Bb7 6. g3 e6 7. Bg2 Nf6 8. O-O c5 9. a4 Nbd7 10. d4 Be7 11. dxc5 Bxc5 12. Nd4 $146 ({RR} 12. Qb3 b4 13. Rd1 Qe7 14. Ne1 Bxg2 15. Kxg2 a5 16. Nd3 O-O 17. Qc4 Rfc8 18. Qh4 Bb6 19. Nc4 Bc7 20. b3 Nb6 21. Bg5 Nxc4 22. bxc4 Bb6 23. Ne5 Qb7+ 24. f3 Ne8 25. Rd7 Rc7 26. Rad1 f6 {Derjabin,I (2345)-Tenikashvili,G (2361) Sochi 2018 1-0}) ({RR} 12. Qb3 Qb6 13. a5 Qa7 14. Bd2 O-O 15. Bb4 Rfd8 16. Bxc5 Nxc5 17. Qb4 Rac8 18. Rac1 Nd5 19. Nxd5 Bxd5 20. Rfd1 Ne4 21. Qd4 Qa8 22. Rxc8 Rxc8 23. Ne5 Nf6 24. Bxd5 Qxd5 25. Qxd5 Nxd5 26. e4 Nf6 {Rambaldi,F (2444)-Kamber,B (2258) Biel 2014 ½-½ (44)}) 12... Bxg2 13. Nxg2 bxa4 14. Qxa4 O-O 15. Nb3 Qb6 16. Nf4 Rfb8 17. Na5 Ne5 18. Nc4 Nxc4 19. Qxc4 Rc8 20. Qa4 Be7 21. Nd3 Qb5 22. Bd2 Qh5 23. f3 Qd5 24. Rfd1 Qb7 25. Rdc1 Rxc1+ 26. Rxc1 h6 27. Rc6 Nd5 28. Kg2 Bf6 29. b4 Ne7 30. Rc2 Nf5 31. Ra2 Nd4 32. Be3 Nb5 33. Nc5 Qd5 34. Qc2 Nc3 35. Ra3 Qe5 36. Bf2 Nd5 37. Rxa6 Rc8 38. Qd2 Qc7 39. b5 Bg5 40. f4 Be7 41. Rc6 Qb8 42. Qa5 Rd8 43. Nd3 Bf6 44. Qa6 Nc7 45. Qa5 Nd5 46. Kh3 Nc3 47. Rxc3 Bxc3 48. Qxc3 Qxb5 49. Bc5 Qb7 50. Ne5 f6 51. Nf3 Qe4 52. Be3 Rd5 53. Kg2 e5 54. Kf2 exf4 55. Bxf4 Rd8 56. Qb3+ Qd5 57. Qc2 Qe6 58. Nh4 Rc8 59. Qd3 Qc4 60. Qg6 Qf7 61. Qg4 Rc4 62. Nf5 Kh7 63. Nd6 Qa7+ 64. Kg2 Rc5 65. Qf3 Qd7 66. Qd3+ f5 67. Kf2 Qc6 68. Nxf5 g6 69. Nxh6 Qe6 70. Qe3 1-0

[Event "EU-ch 6th"]
[Site "Warsaw"]
[Date "2005.06.22"]
[Round "5"]
[White "Kozul, Zdenko"]
[Black "Mchedlishvili, Mikheil"]
[Result "1-0"]
[WhiteElo "2591"]
[BlackElo "2518"]
[Annotator "Marin,Mihail"]
[PlyCount "60"]
[EventDate "2005.06.18"]
[EventType "swiss"]
[EventRounds "13"]
[EventCountry "POL"]
[SourceTitle "CBM 108"]
[Source "ChessBase"]
[SourceDate "2005.09.26"]
[SourceVersion "1"]
[SourceVersionDate "2005.09.26"]
[SourceQuality "1"]

1. Nf3 Nf6 2. g3 d5 3. Bg2 c6 4. O-O Bg4 5. d3 Nbd7 6. Nbd2 e5 7. e4 dxe4 8. dxe4 Qc7 {Usually, Black refrains from developing the queen at such an early stage.} ({One of the main reasons behind the text move is to try to avoid the line} 8... Be7 9. Qe1 O-O 10. Nc4 Qc7 11. Ne3 {0-1 Nalbandian,T (2508)-Rublevsky,S (2645) EU-ch 6th Warsaw 2005 (1) as played in a game analyzed in this very issuea of CBM,}) 9. h3 Bh5 10. Qe1 Bxf3 {Willingly exchanging on f3 certainly is a small concession. To a certain extent, this is a consequence of the early development of the queen.} ({The problem is that after the natural} 10... Be7 {White can play} 11. Nh4 {when Black has no time for e8 in order to meet f5 with f8.}) ({At the same time,} 10... Bc5 {doesn't spare trouble to the bishop after} 11. Nh4 O-O 12. Nb3) ({RR} 10... Bc5 11. Nc4 O-O 12. b4 Be7 13. Bb2 Bxf3 14. Bxf3 b5 15. Ne3 a5 16. a3 Nb6 17. bxa5 Na4 18. Bc1 Qxa5 19. Bd2 Qc7 20. c4 Nc5 21. cxb5 Nb3 22. Rb1 Nd4 23. Bg2 Nxb5 24. Nf5 Bxa3 25. Qe3 {Kramnik,V (2784)-Kobalia,M (2651) Tromsoe 2013 ½-½ (71)}) ({RR} 10... Be7 11. a4 a5 12. Nc4 O-O 13. Nh4 Rfe8 14. Nf5 Bf8 15. g4 Bg6 16. Ng3 Nc5 17. Qe2 Ne6 18. c3 Nf4 19. Qf3 Nd7 20. Rd1 Nc5 21. Be3 Nce6 22. h4 h6 23. Bb6 Qb8 24. Bf1 f6 25. Nf5 {Piesik,P (2409)-Chernov,A (2314) chess.com INT 2024 1-0 (60)}) 11. Bxf3 $146 {This is a sign that White intends to use his knight for queen side action.} ({The alternative is} 11. Nxf3 {which clears the way to the dark squared bishop and plans some king side activity.} Bc5 (11... Be7 $6 {is simply bad in view of} 12. Nh4 {when} g6 $6 {makes things worse because} 13. Bh6 {1-0 Yermolinsky,A (2620)-Berry,J (2275)/Seattle 1994/EXT 97 (24) and Black has problems bringing his king into safety.}) 12. h4 O-O 13. Bd2 Bd6 14. Rd1 a5 15. Bc1 {White has more or less completed his development and aims for simplifications, hoping that the pair of bishops would offer him the better chances in the endgame.} Nc5 16. Nh2 Qe7 17. Qe2 Qe6 18. Bf3 Be7 19. b3 h6 20. a3 Rfd8 21. Bb2 {The sensation is that White hopes to win the game without doing anything concrete. However, Black will know how to use the available time in order to organize adequate defence.} Rxd1 22. Rxd1 Rd8 23. Rxd8+ Bxd8 24. a4 Bb6 25. Kg2 Qd6 26. Ng4 Nxg4 27. Bxg4 Na6 28. Bc3 Nb4 29. Be1 Bc5 30. h5 Kf8 31. Qd1 Ke7 {½-½ Damljanovic,B (2550)-Goldin,A (2555)/Cetinje 1993/EXT 2002 (52) Black's activity is sufficient to counter-balance the white pair of bishops.}) ({RR} 11. Nxf3 Bc5 12. h4 O-O 13. Bd2 Bd6 14. Rd1 a5 15. Bc1 Nc5 16. Nh2 Qe7 17. Qe2 Qe6 18. Bf3 Be7 19. b3 h6 20. a3 Rfd8 21. Bb2 Rxd1 22. Rxd1 Rd8 23. Rxd8+ Bxd8 24. a4 Bb6 25. Kg2 Qd6 {Damljanovic,B (2550)-Goldin,A (2555) Cetinje 1993 ½-½ (52)}) ({RR} 11. Nxf3 Be7 12. Nh4 O-O 13. Nf5 Bd8 14. Qe2 g6 15. Nh6+ Kg7 16. h4 Nc5 17. Bf3 Ne6 18. c3 Ng8 19. Nxg8 Kxg8 20. Kg2 h5 21. Rh1 Bf6 22. g4 hxg4 23. Bxg4 Nf4+ 24. Bxf4 exf4 25. h5 Kg7 {Matikozian,A (2427)-Akobian,V (2387) Yerevan 1999 ½-½ (36)}) 11... Be7 12. a4 {A typical move, ensuring White some stability on light squares.} O-O 13. Nb3 $146 {Apparently, White intends to leave the c4-square available for the queen.} ({More natural is} 13. Nc4 a5 14. Bd2 b6 15. Bc3 {Aiming to keep Black busy with the defence of his numerous weaknesses (a5, b6, e5)} ({The plan of a central action, introduced by the moves} 15. Bg2 Rfe8 16. Kh1 Bf8 17. f4 exf4 18. Bxf4 Qb7 19. e5 Nd5 {certainly looks appealing, but it has the drawback of giving Black the possibility of active counterplay.} 20. Qd2 Nc5 21. Ne3 Nxe3 22. Qxe3 Re6 23. Qc3 Rae8 24. Qc4 {½-½ Kirov,N (2420)-Augustin,J (2430)/Lodz 1979/MCD}) 15... Rfe8 16. Qe2 Bc5 17. Rfd1 Nf8 18. h4 N6d7 19. Bg4 Ne6 20. Bxe6 Rxe6 21. Rd3 {White's activity looks threatening. The attempt to regroup with} Bf8 $2 {failed immediately to} 22. Rxd7 Qxd7 23. Nxb6 $18 {1-0 Smejkal,J (2515)-Edzgveradze,N (2185)/Mlada Boleslav 1993/EXT 97 (40)}) 13... Nc5 ({Black obviously didn't enjoy the perspective of playing a position like that arising after} 13... a5 14. Bd2 b6 15. Qe2 {[%cal Ye2c4]}) 14. Nxc5 Bxc5 15. b4 Be7 16. Bd2 {It was essential to prevent 16...a5 which would have led to the weakening of at least one dark square (most likely the c5-square, or, in case of 17.c3 axb4 18.cxb4, the d4-square)} c5 $5 {Black intends to use the circumstance that his development is slightly better in order to reach a safe queen side configuration. If White would have the time to transfer his queen to c4, Black would be doomed to passivity for a long time.} 17. b5 a5 18. Bc3 b6 19. Qb1 Rfe8 20. Qb2 Bf8 21. Rfd1 c4 {This might look like a dangerous decision, but Black cannot refrain forver from advancing his c-pawn. If White would manage to block that pawn by placing a piece on c4, the black bishop would remain awfully passive.} 22. Rd2 Qc5 23. Kg2 $14 {/= The pair of bishops ensure White a minimal but stable advantage. However, Black defends all the critical squares along the d-file and his position is quite solid.} h5 24. Rdd1 g6 25. Bd2 Qc7 26. c3 Kg7 27. Qc2 Rac8 28. Bc1 Be7 29. h4 Red8 30. Rxd8 Rxd8 1-0

[Event "Mainz Ordix op"]
[Site "Mainz"]
[Date "2005.08.14"]
[Round "7"]
[White "Hickl, Joerg"]
[Black "Sokolov, Ivan"]
[Result "1-0"]
[WhiteElo "2537"]
[BlackElo "2691"]
[PlyCount "115"]
[EventDate "2005.08.13"]
[EventType "swiss (rapid)"]
[EventRounds "11"]
[EventCountry "GER"]
[SourceTitle "CBM 107 Extra"]
[Source "ChessBase"]
[SourceDate "2005.09.01"]
[SourceVersion "1"]
[SourceVersionDate "2005.09.01"]
[SourceQuality "1"]

1. g3 d5 2. Nf3 c6 3. Bg2 Bg4 4. b3 Nd7 5. Bb2 Bxf3 6. Bxf3 ({RR} 6. exf3 e6 7. O-O Ngf6 8. f4 Bd6 9. d3 O-O 10. c4 Re8 11. Nd2 Qe7 12. a3 Rad8 13. Nf3 Bc7 14. Qc2 a5 15. Rfe1 Nc5 16. f5 dxc4 17. dxc4 Nd3 18. fxe6 Nxe1 19. Rxe1 fxe6 20. Ng5 e5 {Anton Guijarro,D (2675)-Gunina,V (2451) Chess.com INT 2020 1-0 (62)}) 6... e5 7. d3 Ngf6 8. O-O ({RR} 8. Nd2 Bb4 9. a3 Bd6 10. c4 O-O 11. O-O a5 12. Bg2 Qe7 13. e4 dxe4 14. dxe4 Nc5 15. Qc2 Rfd8 16. Rfd1 Ne6 17. Nf3 Bc5 18. b4 axb4 19. axb4 Rxa1 20. Bxa1 Bxb4 21. Nxe5 Bc5 22. Rxd8+ Qxd8 {Goltsev,D (2215)-Kataev,A (2247) Kstovo RUS 2024 ½-½ (92)}) 8... h5 $146 ({RR} 8... Bc5 9. Bg2 O-O 10. e3 a5 11. a3 Qe7 12. Nd2 Rfd8 {½-½ (12) Martinovic,S (2475)-Barlov,D (2405) Caorle 1981}) 9. c4 d4 10. Re1 Bc5 11. Na3 Bb4 12. Rf1 Nf8 13. Nc2 Be7 14. e3 Ne6 15. exd4 exd4 16. Re1 Qd7 17. Qd2 h4 18. Rad1 Rd8 19. b4 Kf8 20. Re2 c5 21. bxc5 Bxc5 22. Nb4 hxg3 23. hxg3 Nc7 24. Rde1 a5 25. Nc2 b6 26. Ba3 Ne6 27. Re5 g6 28. Rxe6 fxe6 29. Bxc5+ bxc5 30. Qxa5 Rc8 31. Na3 Kg7 32. Re5 Qe7 33. Nb5 Nd7 34. Re2 Qg5 35. Qe1 e5 36. Nd6 Rb8 37. Bg2 Rb6 38. Nb5 Ra6 39. Rb2 Rb8 40. Bh3 Nf6 41. Re2 e4 42. dxe4 Nh5 43. Bg2 Rab6 44. e5 d3 45. Rd2 Rxb5 46. cxb5 c4 47. e6 Rd8 48. Rd1 d2 49. Qe4 c3 50. b6 Qf5 51. e7 c2 52. Rf1 d1=Q 53. exd8=Q Qxd8 54. Qb4 Qd1 55. b7 c1=Q 56. b8=Q Qxf1+ 57. Bxf1 Nf6 58. Q4f8+ 1-0

[Event "Mainz Ordix op"]
[Site "Mainz"]
[Date "2005.08.14"]
[Round "11"]
[White "Bacrot, Etienne"]
[Black "Chuchelov, Vladimir"]
[Result "1-0"]
[WhiteElo "2729"]
[BlackElo "2562"]
[PlyCount "83"]
[EventDate "2005.08.13"]
[EventType "swiss (rapid)"]
[EventRounds "11"]
[EventCountry "GER"]
[SourceTitle "CBM 107 Extra"]
[Source "ChessBase"]
[SourceDate "2005.09.01"]
[SourceVersion "1"]
[SourceVersionDate "2005.09.01"]
[SourceQuality "1"]

1. Nf3 c5 2. g3 d5 3. Bg2 g6 4. O-O Bg7 5. d4 cxd4 6. Nxd4 Nc6 7. Nb3 Nf6 8. Nc3 e6 9. e4 d4 10. Nb5 $146 ({RR} 10. Ne2 e5 11. f4 Qb6 12. Kh1 Ng4 13. h3 h5 14. hxg4 hxg4+ 15. Kg1 d3+ 16. Rf2 dxe2 17. Qxe2 exf4 18. Bxf4 Nd4 19. Qd2 Nxb3 20. axb3 Bd4 21. c3 Bxf2+ 22. Qxf2 Qxf2+ 23. Kxf2 Bd7 24. c4 a6 {Seirawan,Y (2600)-Ljubojevic,L (2610) Roquebrune 1992 0-1 (45)}) 10... e5 11. f4 O-O 12. fxe5 Ng4 13. N5xd4 Qb6 14. c3 Ncxe5 15. h3 Nf6 16. Be3 Nc4 17. Bf2 Qc7 18. Qe2 Bd7 19. g4 Rfe8 20. Rae1 Nd5 21. Qf3 Ne5 22. Qg3 Nb6 23. Nd2 Na4 24. Rb1 b5 25. Nc2 Be6 26. Nb4 Rad8 27. Bd4 Nb6 28. Qf2 Nbc4 29. Nxc4 Bxc4 30. Rfd1 Rd7 31. b3 Be6 32. Nd5 Bxd5 33. exd5 Bf8 34. Re1 Bd6 35. Re3 Rde7 36. Rbe1 Nd7 37. Rxe7 Rxe7 38. Rxe7 Bxe7 39. Qe3 Bf6 40. Bxf6 Qd6 41. Qd4 Nc5 42. c4 1-0

[Event "UKR-ch KO 74th"]
[Site "Rivne"]
[Date "2005.08.26"]
[Round "2.1"]
[White "Neverov, Valeriy"]
[Black "Kuzubov, Yuriy"]
[Result "1-0"]
[WhiteElo "2572"]
[BlackElo "2535"]
[PlyCount "87"]
[EventDate "2005.08.24"]
[EventType "k.o."]
[EventRounds "5"]
[EventCountry "UKR"]
[SourceTitle "CBM 109"]
[Source "ChessBase"]
[SourceDate "2005.11.14"]
[SourceVersion "1"]
[SourceVersionDate "2005.11.14"]
[SourceQuality "1"]

1. Nf3 d5 2. g3 c5 3. Bg2 Nc6 4. O-O Bg4 5. h3 Bh5 ({RR} 5... Bxf3 6. Bxf3 e5 7. c4 d4 8. d3 Bd6 9. e3 Nge7 10. exd4 cxd4 11. Nd2 O-O 12. Ne4 f5 13. Nxd6 Qxd6 14. Qb3 Kh8 15. Bd2 b6 16. Rfe1 e4 17. dxe4 f4 18. e5 Qg6 19. Be4 Qg5 20. e6 {Gaal,Z (2404)-Jovic,S (2096) chess.com INT 2025 1-0 (33)}) 6. c4 d4 7. Qa4 Qd7 8. d3 $146 ({RR} 8. a3 f6 9. b4 e5 10. b5 Nd8 11. d3 Bf7 12. Qc2 Be6 13. h4 Bf5 14. Nbd2 Ne6 15. Ne4 h6 16. a4 g5 17. h5 Qf7 18. Nh2 Bxe4 19. Bxe4 f5 20. Bg2 Nf6 21. e3 O-O-O 22. Bb2 Bd6 {Gyurkovics,M (2135)-Csom,I (2426) Hungary 2012 0-1 (48)}) 8... e6 9. a3 Nf6 10. b4 Be7 11. Bf4 O-O 12. g4 Bg6 13. b5 Nb8 14. Ne5 Qc8 15. Nd2 Nbd7 16. Nxg6 hxg6 17. e3 Ne8 18. exd4 cxd4 19. Nf3 Bc5 20. Qc2 f6 21. Qe2 e5 22. Bd2 Nd6 23. Nh4 Qe8 24. Rae1 f5 25. Bd5+ Kh8 26. gxf5 gxf5 27. Kh1 Nf6 28. Qxe5 Qh5 29. Qg3 Nxd5 30. Ng6+ Kg8 31. Nxf8 Rxf8 32. Rg1 Rf7 33. cxd5 f4 34. Bxf4 Qxd5+ 35. Rg2 Nf5 36. Qg4 Bxa3 37. Re8+ Bf8 38. Re5 Qd7 39. Rg1 a5 40. bxa6 bxa6 41. Bh2 Rf6 42. Qe4 Ne7 43. Qg2 Rg6 44. Rxe7 1-0